00535cam a2200145 4500008004100000020001500041035002000056050002400076110004100100245011200141260007100253300001000324650003600334999001900370090112n 000 0 eng u a086857483X a(Sirsi) a163577 aLC 1024.A8 CHI 19931 aInstitute of cultural policy studies aChild and citizen:b genealogies of schooling and subjectivity/ c by Institute of cultural policy studies. aQueensland : b Institute for cultural and policy studies, c1993. a290p. aEducation--Humanistic--Austrlia c112004d112003